00501nam a2200157Ia 4500003000900000008004100009020002200050040001600072080001700088100001700105245013500122250001200257260002500269300001500294650003400309IN-BaIIA211028s9999 xx 000 0 eng d a978-3-319-18677-1 cIIA Library a52(035)bING aInglis, Mike 0aPatrick Moore's observer's yearb366 nights of the universe 2015-2020cMike Inglis  a3rd ed. aChambSpringerc2015 axix, 392p. aAstronomy - amateurs' manuals